000 00590nam a2200241Ia 4500
003 OSt
005 20220924141209.0
006 a|||||r|||| 00| 0
007 ta
008 220923b |||||||| |||| 00| 0 ben d
024 _a297516
037 _cTextual
040 _aARTS
_cARTS
_bben
041 _2ben
_aben
082 _aO157,3N20,1, J6
100 _aBandopadhyay
_9196155
245 0 _aNibsindhu
260 _c1956
300 _a211p.
_ccm.
650 _aBENGALI LITERATURE
942 _hO157,3N20,1, J6
_cTEXL
_2CC
999 _c446557
_d446557